Miasta w Wielkiej Brytanii-Sudden Death - Statystyki

Ogólne statystyki
  • Ten quiz został rozwiązany 78 razy
  • Średni wynik to 5 z 9
Answers on the Grid
Answers color-coded by a green-red scale on the quiz's grid according to % correct below.
Londyn
Berlin
Edynburg
Belfast
Luton
Bournemouth
Stoke-on-sea
Durham
Loughborough
Dundalk
Stanley
Calais
Lendbird
Little Weighton
Derby
Claim-on-sea
 
Statystyki odpowiedzi
Odpowiedź % Poprawnych
Londyn
100%
Edynburg
74%
Luton
72%
Bournemouth
69%
Belfast
66%
Derby
53%
Loughborough
29%
Durham
19%
Stanley
19%
Nie znaleziono quizów pasujących do podanych kryteriów
Rozkład punktacji
Procent ludzi z każdym wynikiem
Percentyl według liczby udzielonych odpowiedzi
Twoja historia wyników
Nie rozwiązałeś tego quizu